| 000 | 00855nam a22001577a 4500 | ||
|---|---|---|---|
| 003 | IT-RoPau | ||
| 005 | 20220918175943.0 | ||
| 008 | 130307b xxu||||| |||| 00| 0 eng d | ||
| 040 | _cIT-RoPau | ||
| 245 | _aManual de la Autoridad en la SSP | ||
| 250 | _a1° ed | ||
| 260 |
_aRoma _bCasa General SSP _c1996 |
||
| 300 |
_a238 pp _c21 cm |
||
| 520 | _aSumario Presentación del Superior General Sumario Siglas y abreviaturas Orgnigrama global de la Congregación Nota técnica Introducción: Premisas sobre la autoridad [nn. 000-037] Capítulo I: El Gobierno General [nn. 100-172] Capítulo II: El Gobierno del circunscripcional Provincia, Región (Delegación) [nn. 200-267] Capítulo III: El Gobierno Local [300-329] Capítulo IV: La autoridad delegada [400-438] Apéndice 1 Apéndice 2 Apéndice 3 Apéndice 4 ĺndice analítico | ||
| 942 |
_2ddc _cBK |
||
| 999 |
_c38190 _d38190 |
||